| 000 | 01102nam a2200193 a 4500 | ||
|---|---|---|---|
| 001 | 000045197 | ||
| 005 | 20201002045946.0 | ||
| 008 | 150210s2006 dr a 000 0 spa d | ||
| 040 |
_aDO-SdBNP _bspa _cBNPHU |
||
| 082 |
_axxxx _bxxxx |
||
| 100 | 1 |
_aOrtiz, Marina _910383 |
|
| 245 | 1 | 3 |
_aLa pequeña empresa : _bdiagnóstico, retos y recomendaciones de políticas / _cMarina Ortiz, Rita Mena ; prólogo Onofre Rojas. |
| 260 |
_aSanto Domingo : _bOficina del Ordenador Nacional para los Fondos Europeos de Desarrollo, _c2006. |
||
| 300 |
_a78 p : _bil. ; _c27 cm. |
||
| 505 | 0 |
_aPrólogo -- _tIntroducción -- _tAnálisis de la situación económica -- _tDiagnóstico de la pequeña empresa -- _tEl tratado de libre comercio y la pequeña empresa -- _tSeguridad social y pequeñas empresas -- _tLineamientos de políticas públicas para la pequeña empresa dominicana -- _tLista de gráficos -- _tLista de tablas -- |
|
| 700 | 1 | 2 |
_aMena, Rita _965722 |
| 700 | 1 | 2 |
_aRojas, Onofre, _epról. _931119 |
| 710 | 2 | 2 |
_aOficina del Ordenador Nacional para los Fondos Europeos de Desarrollo (ONFED), República Dominicana. _973211 |
| 999 |
_c44686 _d44686 |
||